000 01063nam a2200265 a 4500
008 120416s1991 ||||||||||||||||| || u
020 _a0070611335
050 _aHD 108.6 Ste
100 _aSteiner, Frederick R
245 1 4 _aThe living landscape: an ecology approach to landscape planning
260 _aNew York:
_bMcGraw-Hill
_c1991
300 _axii, 356p.: ill.
350 _a0.00
500 _aIncludes bibliographical references (p. 331-346).
650 _aLANDSCAPE ARCHITECTURE
650 _aLANDSCAPE PROTECTION
650 _aPLANNING
650 _aLAND USE--PLANNING
650 _aLANDSCAPE PLANNING
650 _aLAND USE--ENVIRONMENTAL ASPECTS
856 _uhttp://www.loc.gov/catdir/enhancements/fy0602/90030908-t.html
856 _uhttp://www.loc.gov/catdir/enhancements/fy0602/90030908-d.html
856 _uhttp://www.loc.gov/catdir/enhancements/fy0602/90030908-b.html
995 _D0.00
_FCBU-MAIN LIBRARY (Kitwe)
_H1
_I37.00
_M1
_UAVAILABLE
_ZMain Library Open Access Collection
999 _c49403
_d49403